Memories of an impossible future : Mehdi Akhavan Sales and the poetics of time /
In Memories of an Impossible Future: Mehdi Akhavān Sāles and the Poetics of Time Marie Huber traces the quest for a modern language of poetry through different figurations of temporality in the works of one of Iran's foremost poets. Akhavān is placed in dialogue with European thinkers and emerg...
المؤلف الرئيسي:
التنسيق: كتاب الكتروني
اللغة: English
منشور في:
Leiden ; Boston :
Brill,
2017.
سلاسل:
Iran Studies
14.
Middle East and Islamic Studies E-Books Online, Collection 2016, ISBN: 9789004303935.
الموضوعات:
الوصول للمادة أونلاين: Login to view Source
الوسوم: إضافة وسم
رقم الطلب: PK6561.A373 M46 2017
| LEADER | 02818nam a2200469 i 4500 | ||
|---|---|---|---|
| 001 | BRILL9789004323797 | ||
| 003 | nllekb | ||
| 005 | 20211118221735.0 | ||
| 006 | m d | ||
| 007 | cr un uuuua | ||
| 008 | 161122s2017 ne sb 001 0 eng d | ||
| 010 | |a 2016054071 | ||
| 020 | |a 9789004323797 |q (electronic book) | ||
| 020 | |z 9789004323780 |q (print) | ||
| 024 | 7 | |a 10.1163/9789004323797 |2 DOI | |
| 035 | |a (OCoLC)964243154 | ||
| 040 | |a NL-LeKB |c NL-LeKB |e rda | ||
| 050 | 4 | |a PK6561.A373 |b M46 2017 | |
| 072 | 7 | |a DC |2 bicssc | |
| 072 | 7 | |a POE001000 |2 bisacsh | |
| 082 | 0 | 4 | |a 891/.5534 |2 23 |
| 100 | 1 | |a Huber, Marie, |d 1976- | |
| 245 | 1 | 0 | |a Memories of an impossible future : |b Mehdi Akhavan Sales and the poetics of time / |c by Marie Huber. |
| 264 | 1 | |a Leiden ; |a Boston : |b Brill, |c 2017. | |
| 300 | |a 1 online resource (185 pages) | ||
| 336 | |a text |b txt |2 rdacontent | ||
| 337 | |a computer |b c |2 rdamedia | ||
| 338 | |a online resource |2 rdacarrier | ||
| 490 | 0 | |a Iran studies ; |v 14 | |
| 504 | |a Includes bibliographical references and index. | ||
| 505 | 0 | 0 | |a Preliminary Material -- Introduction -- An Emancipation of Rhythm -- Images of the New -- Time-Spaces of Poetic Narration -- The Depth of Time: Voices -- Bibliography -- Index. |
| 506 | |a Available to subscribing member institutions only. | ||
| 520 | |a In Memories of an Impossible Future: Mehdi Akhavān Sāles and the Poetics of Time Marie Huber traces the quest for a modern language of poetry through different figurations of temporality in the works of one of Iran's foremost poets. Akhavān is placed in dialogue with European thinkers and emerges as an original voice in world literature. Chapters examine aspects of rhythm and metaphor, messianism and historicity, and functions of time in Akhavān's lyric and epic poems. Through a range of close readings Huber seeks to understand Akhavān's texts as crystallisations of a historical moment, both rooted in the Persian tradition and pointing beyond it. Her analyses combine attention to philological detail with meditations on the philosophical significance of Akhavān's poetics. | ||
| 588 | |a Description based on print version record and CIP data provided by publisher; resource not viewed. | ||
| 600 | 1 | 0 | |a Akhavān S̲ālis̲, Mahdī |x Criticism and interpretation. |
| 776 | 0 | 8 | |i Print version: |a Huber, Marie, 1976- author. |t Memories of an impossible future |d Leiden ; Boston: Brill, 2017 |z 9789004323780 |w (DLC) 2016050310 |
| 830 | 0 | |a Iran Studies |v 14. | |
| 830 | 0 | |a Middle East and Islamic Studies E-Books Online, Collection 2016, ISBN: 9789004303935. | |
| 856 | 4 | |z DOI: |u http://dx.doi.org/10.1163/9789004323797 | |
| 942 | |2 lcc |c EBOOK | ||
| 952 | |0 0 |1 0 |2 lcc |4 0 |7 1 |9 22565 |a BRILL |b BRILL |d 2021-11-18 |l 0 |r 2021-11-18 00:00:00 |w 2021-11-18 |y EBOOK | ||
| 999 | |c 40039 |d 40039 | ||
